Aplica las matemáticas 4, cuarto básico: texto para el profesor
Saved in:
| Main Authors: | , |
|---|---|
| Format: | Book |
| Language: | Spanish |
| Published: |
Santiago
Pearson Educación de Chile
2001
|
| Subjects: | |
| Tags: |
Add Tag
No Tags, Be the first to tag this record!
|
MARC
| LEADER | 00000nam a2200000 a 4500 | ||
|---|---|---|---|
| 001 | UCK6165 | ||
| 003 | CL-VaPUC | ||
| 008 | 050909e20010000CL |||||||||||||||||spa|d | ||
| 020 | |a 9567602425 | ||
| 082 | 0 | 4 | |a 372.7 |b BAI |2 21 |
| 100 | 0 | |a Baile Jiménez, María Elena |e author |9 495206 | |
| 700 | 0 | |a Bravo Lau, Nury Patricia |e author |9 495207 | |
| 245 | 1 | 0 | |a Aplica las matemáticas 4, cuarto básico: texto para el profesor |
| 300 | |a 176 p | ||
| 942 | |c BK | ||
| 945 | |d 20050909 00:00:00 |a cmena | ||
| 260 | |a Santiago |b Pearson Educación de Chile |c 2001 | ||
| 650 | 0 | |a Matemáticas |x Enseñanza |9 875527 | |
| 650 | 0 | |a Educación básica |9 224933 | |
| 650 | 0 | |a Libros de texto |9 270019 | |
| 650 | 0 | |a Métodos de enseñanza |9 270413 | |
| 583 | |a last modification |c 20050909 00:00:00 |k Rodrigo Vera | ||
| 999 | |c 314485 |d 314483 | ||
| 952 | |0 0 |1 0 |4 0 |6 372_700000000000000_BAI_2001 |7 0 |8 P |9 386760 |a BIBEDU |b BIBEDU |c BIBEDU_PB |d 2019-11-22 |i 4164040 |o 372.7 BAI 2001 |p 4164040 |r 2024-01-25 |w 2019-11-22 |y BK |k EBA | ||
| 952 | |0 0 |1 0 |4 0 |6 372_700000000000000_BAI_2001 |7 0 |8 P |9 386761 |a BIBEDU |b BIBEDU |d 2019-11-22 |i 4164059 |o 372.7 BAI 2001 |p 4164059 |r 2019-11-22 |w 2019-11-22 |y BK |k EBA | ||
| 952 | |0 0 |1 0 |4 0 |6 372_700000000000000_BAI_2001 |7 0 |8 P |9 386762 |a BIBEDU |b BIBEDU |d 2019-11-22 |i 4164075 |o 372.7 BAI 2001 |p 4164075 |r 2019-11-22 |w 2019-11-22 |y BK |k EBA | ||
| 952 | |0 0 |1 0 |4 0 |6 372_700000000000000_BAI_2001 |7 0 |8 P |9 386763 |a BIBEDU |b BIBEDU |c BIBEDU_PB |d 2019-11-22 |i 4164083 |o 372.7 BAI 2001 |p 4164083 |r 2024-01-25 |w 2019-11-22 |y BK |k EBA | ||